000 00919naa a22002777a 4500
001 BR9403129
003 BR-BrBNA
005 20240918181207.0
007 ta
008 230509b bl.||||| |||| 00| 0 por d
040 _aBR-BrBNA
_bpor
_cBiblioteca Nacional de Agricultura
041 _a(Pt)
072 _aF70
090 _aF70 BR9403129
100 1 _aChiea, S.A.C.
100 1 _aSilva, T.R. dos S.
245 1 _aFlora Fanerogamica da Ilha do Cardoso (Sao Paulo, Brasil). Malvaceae
260 3 _aSao Paulo, SP (Brasil):
_c1992.
500 _aFlora Fanerogamica da Ilha do Cardoso vol. 2 Sao Paulo, SP (Brasil): 1992. p. 9-13 (BR9403129-AM)F70
650 _aMalvaceae
650 _aTaxonomia Vegetal
650 _aSao Paulo
773 0 _tFlora Fanerogamica da Ilha do Cardoso vol. 2
_wF70 BR9403129
_gSao Paulo, SP (Brasil), 1992. p. 9-13
909 _a202404
_bLucia
_c55
_dLucia Elande
942 _cAM
_2AGRIS
999 _c324047
_d324047